[Event "FRA-chT2B 0506"]
[Site "France"]
[Date "2005.11.19"]
[Round "2.2"]
[White "Demarcq, Dirk"]
[Black "Dussart, Frederic"]
[Result "0-1"]
[WhiteElo "2199"]
[BlackElo "2298"]
[PlyCount "50"]
[EventDate "2005.10.27"]
[EventType "team-tourn"]
[EventRounds "11"]
[EventCountry "FRA"]
[SourceTitle "EXT 2006"]
[Source "ChessBase"]
[SourceDate "2005.11.24"]
[SourceVersion "1"]
[SourceVersionDate "2005.11.24"]
[SourceQuality "1"]
[WhiteTeam "Lille"]
[BlackTeam "Bagneux"]
[WhiteTeamCountry "FRA"]
[BlackTeamCountry "FRA"]

1. Nc3 c5 2. Nf3 Nc6 3. d4 cxd4 4. Nxd4 Nf6 5. g3 d5 6. Bg2 e6 7. 0-0 Bb4 8. e4 Bxc3 9. bxc3 Nxd4 10. cxd4 Nxe4 11. Bxe4 dxe4 12. Ba3 Qa5 13. Qc1 Bd7 14. Rb1 Bc6 15. Bb4 Qd5 16. c4 Qxd4 17. Rd1 Qe5 18. Qe3 f6 19. Bc5 Kf7 20. Rxb7+ Bxb7 21. Rd7+ Kg6 22. Qe2 Bc6 23. Qg4+ Qg5 24. Qxg5+ fxg5 25. Re7 Kf6 0-1

[Event "FRA-chT2"]
[Site "France"]
[Date "2001.11.17"]
[Round "2"]
[White "Demarcq, Dirk"]
[Black "Frih, Ameur"]
[Result "0-1"]
[WhiteElo "2245"]
[BlackElo "2109"]
[PlyCount "102"]
[EventDate "2002.??.??"]
[EventType "team"]
[EventRounds "11"]
[EventCountry "FRA"]
[SourceTitle "EXT 2003"]
[Source "ChessBase"]
[SourceDate "2002.11.25"]
[SourceVersion "1"]
[SourceVersionDate "2002.11.25"]
[SourceQuality "1"]

1. e4 c5 2. Nf3 Nc6 3. Bb5 e6 4. 0-0 Nge7 5. Re1 g6 6. d4 cxd4 7. Nxd4 Bg7 8. Be3 0-0 9. Nc3 a6 10. Bf1 d5 11. exd5 exd5 12. Nxc6 bxc6 13. Bd4 Nf5 14. Bxg7 Nxg7 15. Na4 Ne6 16. c4 a5 17. Rc1 d4 18. c5 Ba6 19. Nb6 Ra7 20. Bxa6 Rxa6 21. Qd3 Ra7 22. Qc4 Qg5 23. g3 Rd8 24. Na4 d3 25. Re4 Rad7 26. Rg4 Qd2 27. Rf1 Rd4 28. Rxd4 Rxd4 29. Qc3 Qe2 30. Qb3 Rb4 31. Qa3 Nd4 32. Nc3 Qxb2 33. Qxb2 Rxb2 34. Rd1 d2 35. Kg2 Ne6 36. Ne4 Rxa2 37. Nxd2 Rc2 38. Ne4 Nxc5 39. Rd8+ Kg7 40. Nd6 g5 41. Ra8 a4 42. Ra7 Rd2 43. Ne8+ Kg6 44. Rc7 a3 45. Rxc6+ Ne6 46. Ra6 a2 47. Kf3 g4+ 48. Kxg4 Rxf2 49. h4 h5+ 50. Kh3 Rc2 51. Nd6 Rc6 0-1